Europe Flags #2 - Statistics

General Stats
  • This quiz has been taken 39 times
  • The average score is 15 of 17
Answer Stats
Picture Answer % Correct
Iceland
100%
Cyprus
97%
Estonia
97%
Belarus
90%
Monaco
90%
North Macedonia
90%
Vatican City
90%
Bulgaria
87%
San Marino
87%
Andorra
84%
Lithuania
84%
Bosnia and Herzegovina
81%
Latvia
81%
Moldova
81%
Montenegro
81%
Kosovo
74%
Liechtenstein
74%
No matching quizzes found
Score Distribution
Percent of People with Each Score
Percentile by Number Answered
Your Score History
You have not taken this quiz